Advances in Building Energy Research / (Record no. 16416)
[ view plain ]
| 000 -LEADER | |
|---|---|
| fixed length control field | 01444cam a2200325 a 4500 |
| 001 - CONTROL NUMBER | |
| control field | 14718892 |
| 005 - DATE AND TIME OF LATEST TRANSACTION | |
| control field | 20101008120520.0 |
| 008 - FIXED-LENGTH DATA ELEMENTS--GENERAL INFORMATION | |
| fixed length control field | 070131m20079999enka b 001 0 eng |
| 020 ## - INTERNATIONAL STANDARD BOOK NUMBER | |
| International Standard Book Number | 9781844073894 (v. 1 : hardback) |
| 020 ## - INTERNATIONAL STANDARD BOOK NUMBER | |
| International Standard Book Number | 1844073890 (v. 1 : hardback) |
| 020 ## - INTERNATIONAL STANDARD BOOK NUMBER | |
| International Standard Book Number | 9781844077526 (v. 3 : hardback) |
| 020 ## - INTERNATIONAL STANDARD BOOK NUMBER | |
| International Standard Book Number | 9781849711876 (v. 4 : hardback) |
| 035 ## - SYSTEM CONTROL NUMBER | |
| System control number | (OCoLC)ocm83608175 |
| 040 ## - CATALOGING SOURCE | |
| Original cataloging agency | DLC |
| Transcribing agency | DLC |
| Modifying agency | BAKER |
| -- | BTCTA |
| -- | YDXCP |
| -- | BWKUK |
| -- | UKM |
| -- | DLC |
| 082 00 - DEWEY DECIMAL CLASSIFICATION NUMBER | |
| Classification number | 696 |
| Edition number | 22 |
| Item number | ADV |
| 245 00 - TITLE STATEMENT | |
| Title | Advances in Building Energy Research / |
| Statement of responsibility, etc | editor-in-chief, Mat Santamouris. |
| 246 34 - VARYING FORM OF TITLE | |
| Title proper/short title | ABER |
| 260 ## - PUBLICATION, DISTRIBUTION, ETC. (IMPRINT) | |
| Place of publication, distribution, etc | London ; |
| -- | Sterling, VA : |
| Name of publisher, distributor, etc | Earthscan, |
| Date of publication, distribution, etc | 2007-<2010> |
| 300 ## - PHYSICAL DESCRIPTION | |
| Extent | v. <1-4> : |
| Other physical details | ill. ; |
| Dimensions | 24 cm. |
| 504 ## - BIBLIOGRAPHY, ETC. NOTE | |
| Bibliography, etc | Includes bibliographical references and index. |
| 650 #0 - SUBJECT ADDED ENTRY--TOPICAL TERM | |
| Topical term or geographic name as entry element | Buildings |
| General subdivision | Energy conservation. |
| 9 (RLIN) | 28706 |
| 653 ## - INDEX TERM--UNCONTROLLED | |
| Resource For college | |
| -- | |
| Arrived date list | February2012 |
| 700 1# - ADDED ENTRY--PERSONAL NAME | |
| Personal name | Santamouris, M. |
| Fuller form of name | (Matheos), |
| Dates associated with a name | 1956- |
| 9 (RLIN) | 28707 |
| 856 41 - ELECTRONIC LOCATION AND ACCESS | |
| Materials specified | Table of contents only |
| Uniform Resource Identifier | <a href="http://www.loc.gov/catdir/toc/ecip0710/2007004087.html">http://www.loc.gov/catdir/toc/ecip0710/2007004087.html</a> |
| 942 ## - ADDED ENTRY ELEMENTS (KOHA) | |
| Source of classification or shelving scheme | Dewey Decimal Classification |
| Item type | Book - Borrowing |
| Withdrawn status | Item status | Source of classification or shelving scheme | Damaged status | Not for loan | Vendor | Home library | Current library | Shelving location | Date acquired | Source of acquisition | Cost, normal purchase price | Serial Enumeration / chronology | Total Checkouts | Full call number | Barcode | Date last seen | Koha item type |
|---|---|---|---|---|---|---|---|---|---|---|---|---|---|---|---|---|---|
| Dewey Decimal Classification | MERIC | Central Library | Central Library | First floor | 08/02/2012 | 1998.00 | 13167 | 696 ADV | 000026026 | 15/07/2025 | Book - Borrowing |